[Event "Montevideo Duchamp Cup 7th"]
[Site "Montevideo"]
[Date "2024.02.09"]
[Round "9"]
[White "Piasetski, Leon"]
[Black "Krysa, Leandro Sergio"]
[Result "1/2-1/2"]
[WhiteElo "2151"]
[BlackElo "2541"]
[PlyCount "151"]
[GameId "2014537052819456"]
[EventDate "2024.02.01"]
[EventType "swiss"]
[EventRounds "9"]
[EventCountry "URU"]
[SourceTitle "EXT 2025"]
[Source "ChessBase"]
[SourceDate "2024.10.14"]
[SourceVersion "1"]
[SourceVersionDate "2024.10.14"]
[SourceQuality "1"]

1. Nf3 d5 2. d4 Nf6 3. c4 e6 4. Nc3 dxc4 5. e3 a6 6. a4 b6 7. Bxc4 Bb7 8. O-O Bb4 9. Qe2 O-O 10. Rd1 Qe7 11. Na2 Bd6 12. Nc3 Nbd7 13. e4 e5 14. Bg5 exd4 15. Nxd4 Bxe4 16. Ne6 fxe6 17. Nxe4 Ne5 18. Bb3 Rae8 19. Bxf6 gxf6 20. Nxd6 cxd6 21. f4 Nd7 22. f5 Nc5 23. Ba2 a5 24. fxe6 Kh8 25. Bd5 Rg8 26. Ra3 Rg5 27. Rf3 Nxe6 28. Qf2 Kg7 29. h4 Re5 30. Bc6 Rc8 31. Qxb6 Nc5 32. Bb5 Re1+ 33. Rxe1 Qxe1+ 34. Bf1 Qe5 35. Qa7+ Kh8 36. Qxa5 Qd4+ 37. Kh2 Qxh4+ 38. Kg1 Qd4+ 39. Kh2 Qxb2 40. Qb5 Qxb5 41. axb5 Kg7 42. Bc4 Rb8 43. Re3 Rb7 44. Kg3 d5 45. Bxd5 Rxb5 46. Re7+ Kg6 47. Bg8 f5 48. Bxh7+ Kf6 49. Rc7 Ne6 50. Rc8 Rb3+ 51. Kh2 Rb2 52. Rc3 Nf4 53. Rg3 Rb8 54. Bg8 Rc8 55. Rf3 Nxg2 56. Kxg2 Rxg8+ 57. Kf2 Rg4 58. Ra3 Kg5 59. Ra8 Rb4 60. Kf3 Rb3+ 61. Kf2 Kg4 62. Rg8+ Kf4 63. Ra8 Rf3+ 64. Kg2 Rg3+ 65. Kf2 Rf3+ 66. Kg2 Re3 67. Kf2 Re4 68. Rh8 Re5 69. Rh4+ Kg5 70. Ra4 Rb5 71. Kf3 f4 72. Ra3 Kf5 73. Rc3 Re5 74. Ra3 Re3+ 75. Rxe3 fxe3 76. Kxe3 1/2-1/2

[Event "Ponte de Lima op"]
[Site "Ponte de Lima"]
[Date "2024.04.15"]
[Round "8"]
[White "Mannion, Stephen R"]
[Black "Piasetski, Leon"]
[Result "1/2-1/2"]
[WhiteElo "2159"]
[BlackElo "2159"]
[PlyCount "57"]
[GameId "2037291986550784"]
[EventDate "2024.04.09"]
[EventType "swiss"]
[EventRounds "9"]
[EventCountry "POR"]
[SourceTitle "CBM 219 Extra"]
[Source "ChessBase"]
[SourceDate "2024.05.31"]
[SourceVersion "1"]
[SourceVersionDate "2024.05.31"]
[SourceQuality "1"]

1. e4 d6 2. d4 Nf6 3. Nc3 g6 4. f4 Bg7 5. Nf3 O-O 6. Bd3 Nc6 7. e5 dxe5 8. dxe5 Nh5 9. Be3 Nb4 10. Be4 Qxd1+ 11. Rxd1 c6 12. a3 Na6 13. O-O f6 14. Bd3 Bh6 15. g3 Bg4 16. exf6 exf6 17. Ne4 Nc7 18. Bc5 Rfb8 19. Rde1 Bg7 20. Bc4+ Be6 21. Bxe6+ Nxe6 22. Bf2 b6 23. c3 Nd8 24. Rd1 Nf7 25. Nd4 Re8 26. Rfe1 f5 27. Ng5 Nxg5 28. fxg5 Bxd4 29. Bxd4 1/2-1/2

[Event "Ponte de Lima op"]
[Site "Ponte de Lima"]
[Date "2024.04.16"]
[Round "9"]
[White "Piasetski, Leon"]
[Black "Wang, Minqing"]
[Result "1-0"]
[WhiteElo "2159"]
[BlackElo "1942"]
[PlyCount "122"]
[GameId "2037291986591744"]
[EventDate "2024.04.09"]
[EventType "swiss"]
[EventRounds "9"]
[EventCountry "POR"]
[SourceTitle "CBM 219 Extra"]
[Source "ChessBase"]
[SourceDate "2024.05.31"]
[SourceVersion "1"]
[SourceVersionDate "2024.05.31"]
[SourceQuality "1"]

1. c4 Nf6 2. Nf3 e6 3. b3 c5 4. Bb2 d5 5. e3 a6 6. cxd5 exd5 7. d4 Bg4 8. Be2 Nc6 9. dxc5 Bxc5 10. O-O O-O 11. Nc3 Ba7 12. Nd4 Bxe2 13. Ncxe2 Nxd4 14. Bxd4 Bxd4 15. Qxd4 Qa5 16. Qc3 Qxc3 17. Nxc3 Rac8 18. Rac1 Rc6 19. Ne2 Rfc8 20. Rxc6 Rxc6 21. Nd4 Rc7 22. f3 Kf8 23. Kf2 g6 24. Ke2 Ke7 25. Kd3 Nd7 26. Kd2 f5 27. h3 Nf8 28. g4 Ne6 29. gxf5 Nxd4 30. exd4 gxf5 31. Rg1 Kf6 32. Rg8 f4 33. h4 Rg7 34. Rf8+ Ke6 35. Rxf4 Rg2+ 36. Ke3 Rxa2 37. Rf8 Rb2 38. Re8+ Kf7 39. Rh8 Rxb3+ 40. Kf4 a5 41. Rxh7+ Kg6 42. Rd7 Rb5 43. Kg4 a4 44. h5+ Kf6 45. h6 Rb1 46. h7 Rg1+ 47. Kf4 Rh1 48. Rxb7 a3 49. Ra7 a2 50. Ra6+ Kg7 51. Rxa2 Kxh7 52. Rg2 Kh6 53. Ke5 Rh5+ 54. Kf6 Kh7 55. f4 Kh6 56. f5 Kh7 57. Ke6 Kh6 58. f6 Kh7 59. f7 Rh4 60. Rf2 Rh6+ 61. Kd7 Kh8 1-0

[Event "Calgary op"]
[Site "Calgary CAN"]
[Date "2024.12.26"]
[Round "1.8"]
[White "Alpuri, Aaqil"]
[Black "Piasetski, Leon"]
[Result "1/2-1/2"]
[WhiteElo "1962"]
[BlackElo "2178"]
[PlyCount "78"]
[GameId "2160767905786980"]
[EventDate "2024.12.26"]
[EventType "swiss"]
[EventRounds "9"]
[EventCountry "CAN"]
[SourceTitle "The Week in Chess 1573"]
[Source "Mark Crowther"]
[SourceDate "2024.12.30"]
[SourceVersion "1"]
[SourceVersionDate "2024.12.30"]
[SourceQuality "2"]

1. e4 g6 2. d4 Bg7 3. Nc3 d6 4. Nge2 a6 5. a4 b6 6. g3 Bb7 7. Bg2 Nd7 8. Be3 Ngf6 9. h3 e5 10. d5 h5 11. Qd2 Qe7 12. Bg5 Qf8 13. O-O Bh6 14. Bxh6 Qxh6 15. Qxh6 Rxh6 16. f4 Ke7 17. Rad1 Rhh8 18. Nc1 h4 19. g4 exf4 20. Rxf4 Ne5 21. Nb3 Nh7 22. Nd4 Ng5 23. Rdf1 Rae8 24. b3 Kf8 25. Na2 Kg7 26. Nb4 a5 27. Na2 Ba6 28. Re1 Nd7 29. Nc3 Nc5 30. Ncb5 Bxb5 31. Nxb5 Re7 32. Nd4 f6 33. Ref1 Rf8 34. Kh2 Ree8 35. Re1 Rf7 36. Ref1 Rff8 37. Re1 Rf7 38. Ref1 Ref8 39. Re1 Re8 1/2-1/2

[Event "Calgary op"]
[Site "Calgary CAN"]
[Date "2024.12.27"]
[Round "3.7"]
[White "Piasetski, Leon"]
[Black "Darvekar, Yash"]
[Result "0-1"]
[WhiteElo "2178"]
[BlackElo "1876"]
[PlyCount "66"]
[GameId "2160767905786998"]
[EventDate "2024.12.26"]
[EventType "swiss"]
[EventRounds "9"]
[EventCountry "CAN"]
[SourceTitle "The Week in Chess 1573"]
[Source "Mark Crowther"]
[SourceDate "2024.12.30"]
[SourceVersion "1"]
[SourceVersionDate "2024.12.30"]
[SourceQuality "2"]

1. c4 c6 2. Nf3 d5 3. e3 Nf6 4. Nc3 Bg4 5. cxd5 Nxd5 6. d4 e6 7. Bd2 Nd7 8. e4 N5f6 9. e5 Nd5 10. Nxd5 cxd5 11. Qb3 Rb8 12. Be2 Be7 13. h3 Bf5 14. O-O O-O 15. Rfc1 b5 16. Rc6 Nb6 17. Bxb5 Nc4 18. a4 Nxd2 19. Nxd2 Qa5 20. Qd1 Qb4 21. Nb3 a6 22. Rxa6 Rfc8 23. Rc1 Rxc1 24. Qxc1 Qxb3 25. Qc7 Qd1+ 26. Bf1 Rf8 27. Qxe7 Bd3 28. Rd6 Qxf1+ 29. Kh2 h6 30. Rd8 Rxd8 31. Qxd8+ Kh7 32. Qh4 Qa1 33. Qf4 Qxb2 0-1

[Event "Calgary op"]
[Site "Calgary CAN"]
[Date "2024.12.28"]
[Round "5.9"]
[White "Piasetski, Leon"]
[Black "Michalchuk, Avery"]
[Result "1-0"]
[WhiteElo "2178"]
[BlackElo "1809"]
[PlyCount "77"]
[GameId "2160767905787020"]
[EventDate "2024.12.26"]
[EventType "swiss"]
[EventRounds "9"]
[EventCountry "CAN"]
[SourceTitle "The Week in Chess 1573"]
[Source "Mark Crowther"]
[SourceDate "2024.12.30"]
[SourceVersion "1"]
[SourceVersionDate "2024.12.30"]
[SourceQuality "2"]

1. c4 Nf6 2. Nf3 g6 3. Nc3 Bg7 4. e4 O-O 5. d4 c6 6. Be2 d5 7. cxd5 cxd5 8. e5 Ne4 9. O-O Nxc3 10. bxc3 Nc6 11. Ba3 Na5 12. Qa4 Bd7 13. Qb4 Re8 14. Nd2 Rc8 15. Rac1 e6 16. Qb2 Bc6 17. f4 Nc4 18. Nxc4 dxc4 19. Bf3 Bd5 20. Bd6 b6 21. Bxd5 exd5 22. Qb5 Bf8 23. Bxf8 Rxf8 24. f5 a6 25. Qb2 b5 26. Qd2 f6 27. Qh6 fxe5 28. fxg6 Rc7 29. Rxf8+ Qxf8 30. gxh7+ Rxh7 31. Qe6+ Qf7 32. Qxe5 Rh5 33. Qd6 a5 34. Re1 Rf5 35. h3 Qf8 36. Qg6+ Kh8 37. Re8 Rf7 38. Qxf7 Qxe8 39. Qxe8+ 1-0

[Event "Calgary op"]
[Site "Calgary CAN"]
[Date "2024.12.29"]
[Round "6.6"]
[White "Vasic, Maxim"]
[Black "Piasetski, Leon"]
[Result "1-0"]
[WhiteElo "2044"]
[BlackElo "2178"]
[PlyCount "73"]
[GameId "2160767905787027"]
[EventDate "2024.12.26"]
[EventType "swiss"]
[EventRounds "9"]
[EventCountry "CAN"]
[SourceTitle "The Week in Chess 1573"]
[Source "Mark Crowther"]
[SourceDate "2024.12.30"]
[SourceVersion "1"]
[SourceVersionDate "2024.12.30"]
[SourceQuality "2"]

1. d4 Nf6 2. c4 d6 3. Nc3 Nbd7 4. e4 e5 5. Nf3 Be7 6. Be2 O-O 7. O-O Re8 8. Re1 Bf8 9. Bf1 a5 10. Qc2 h6 11. b3 exd4 12. Nxd4 Nc5 13. Bb2 c6 14. Rad1 Qb6 15. h3 Bd7 16. g3 Rad8 17. Bg2 Bc8 18. Bc1 g6 19. Be3 Qb4 20. Ra1 Bg7 21. a3 Qb6 22. b4 axb4 23. axb4 Qxb4 24. Reb1 Qxc4 25. Bf1 Qxc3 26. Qxc3 Ncxe4 27. Qc1 Nd5 28. Nc2 Nxe3 29. Nxe3 d5 30. Ra8 d4 31. Nc4 d3 32. Rxc8 Rxc8 33. Bxd3 Rb8 34. Qc2 Nc3 35. Nd6 Re7 36. Rb3 Nd5 37. Bc4 1-0

[Event "CAN-ch"]
[Site "Toronto CAN"]
[Date "2024.03.27"]
[Round "1"]
[White "Piasetski, Leon"]
[Black "Sambuev, Bator"]
[Result "1/2-1/2"]
[WhiteElo "2159"]
[BlackElo "2462"]
[PlyCount "130"]
[GameId "2160767906027127"]
[EventDate "2024.03.27"]
[EventType "swiss"]
[EventRounds "10"]
[EventCountry "CAN"]
[SourceTitle "CBM 219 Extra"]
[Source "ChessBase"]
[SourceDate "2024.05.31"]
[SourceVersion "1"]
[SourceVersionDate "2024.05.31"]
[SourceQuality "1"]

1. Nf3 d5 2. d4 Nf6 3. c4 e6 4. Nc3 Bb4 5. cxd5 exd5 6. Bg5 h6 7. Bxf6 Qxf6 8. Rc1 O-O 9. a3 Bxc3+ 10. Rxc3 c6 11. e3 a5 12. Bd3 Bf5 13. Ne5 Bxd3 14. Qxd3 Qe6 15. O-O f6 16. Ng6 Re8 17. b4 b5 18. Rfc1 axb4 19. axb4 Qf7 20. Qb1 Re4 21. Nf4 Re7 22. Nd3 Qg6 23. Nc5 Qxb1 24. Rxb1 Rea7 25. Nb3 Ra3 26. Rcc1 Kf7 27. Kf1 Ke7 28. Rb2 R8a4 29. Na5 Ra1 30. Rxa1 Rxa1+ 31. Ke2 g5 32. Nb3 Ra3 33. Nc5 Nd7 34. Nxd7 Kxd7 35. g4 Rc3 36. Kf3 Rc4 37. Kg3 Ke6 38. h4 f5 39. hxg5 hxg5 40. Kf3 Rc1 41. gxf5+ Kxf5 42. Ke2 g4 43. Kd2 Ra1 44. Rc2 Ke4 45. Rxc6 Ra2+ 46. Ke1 Rb2 47. Kf1 Rxb4 48. Kg2 Rb2 49. Rg6 b4 50. Rxg4+ Kd3 51. Rg5 Kc4 52. Rg8 Rc2 53. Rc8+ Kd3 54. Rc5 b3 55. Rxd5 b2 56. Rb5 Kc3 57. Kf3 Rc1 58. Rxb2 Kxb2 59. Ke4 Rc8 60. f4 Kc3 61. f5 Re8+ 62. Kd5 Rxe3 63. f6 Rf3 64. Ke6 Kxd4 65. f7 Rxf7 1/2-1/2

[Event "CAN-ch"]
[Site "Toronto CAN"]
[Date "2024.03.28"]
[Round "3"]
[White "Huang, Youhe"]
[Black "Piasetski, Leon"]
[Result "1-0"]
[WhiteElo "1992"]
[BlackElo "2159"]
[PlyCount "73"]
[GameId "2160767906027186"]
[EventDate "2024.03.27"]
[EventType "swiss"]
[EventRounds "10"]
[EventCountry "CAN"]
[SourceTitle "CBM 219 Extra"]
[Source "ChessBase"]
[SourceDate "2024.05.31"]
[SourceVersion "1"]
[SourceVersionDate "2024.05.31"]
[SourceQuality "1"]

1. d4 Nf6 2. c4 e6 3. Nf3 Bb4+ 4. Nbd2 b6 5. g3 Bb7 6. Bg2 O-O 7. O-O a5 8. Qc2 Bxd2 9. Qxd2 Be4 10. Qc3 d6 11. b3 Nbd7 12. Re1 Qb8 13. Bh3 c5 14. Bb2 Ra7 15. Rad1 Ba8 16. d5 e5 17. a4 Re8 18. e4 Nf8 19. Nh4 Bb7 20. f4 Ng6 21. f5 Nxh4 22. gxh4 Kh8 23. Qf3 Rg8 24. Kh1 Bc8 25. Rg1 h6 26. Rg3 Re7 27. Rdg1 Ree8 28. Bc1 Qc7 29. Qe3 Nh7 30. f6 g5 31. hxg5 Rxg5 32. Rxg5 hxg5 33. Rxg5 Nxf6 34. Bxc8 Qxc8 35. Qf3 Nh7 36. Rh5 f5 37. Bg5 1-0

[Event "CAN-ch"]
[Site "Toronto CAN"]
[Date "2024.03.29"]
[Round "4"]
[White "Piasetski, Leon"]
[Black "Taylor, Ashton"]
[Result "1-0"]
[WhiteElo "2159"]
[BlackElo "1839"]
[PlyCount "113"]
[GameId "2160767906027219"]
[EventDate "2024.03.27"]
[EventType "swiss"]
[EventRounds "10"]
[EventCountry "CAN"]
[SourceTitle "CBM 219 Extra"]
[Source "ChessBase"]
[SourceDate "2024.05.31"]
[SourceVersion "1"]
[SourceVersionDate "2024.05.31"]
[SourceQuality "1"]

1. Nf3 d5 2. e3 Nf6 3. c4 e6 4. b3 Be7 5. Bb2 O-O 6. d4 c5 7. Bd3 Nc6 8. O-O b6 9. Nc3 cxd4 10. exd4 Bb7 11. Rc1 Rc8 12. a3 dxc4 13. bxc4 Na5 14. Ne5 Nc6 15. Nf3 Na5 16. Ne5 Nc6 17. Ne4 Nxe5 18. Nxf6+ gxf6 19. dxe5 f5 20. Qc2 Kh8 21. Rcd1 Rg8 22. f3 Qf8 23. Bxf5 exf5 24. Rd7 Bc6 25. Rxa7 b5 26. Kh1 Ra8 27. Rxa8 Bxa8 28. cxb5 Bxa3 29. Ba1 Rg5 30. Rd1 Be7 31. Qc7 Rg6 32. b6 Re6 33. b7 Bxb7 34. Qxb7 Qh6 35. Qc8+ Kg7 36. Qc2 Qf4 37. Qd2 Qh4 38. g3 Qh5 39. Qf4 Qg6 40. h4 Bc5 41. Kg2 h5 42. Bc3 Kh7 43. Bd4 Be7 44. Rc1 Ra6 45. Bc5 Bd8 46. Bf2 Ra2 47. Qc4 Ra6 48. Rd1 Be7 49. Rd7 Re6 50. Qc7 Bb4 51. Rxf7+ Kg8 52. Rd7 f4 53. Qc8+ Re8 54. Qc4+ Kh8 55. Qxf4 Ba5 56. Qf7 Qxf7 57. Rxf7 1-0

[Event "CAN-ch"]
[Site "Toronto CAN"]
[Date "2024.03.30"]
[Round "5"]
[White "Kot, Emanuel"]
[Black "Piasetski, Leon"]
[Result "1/2-1/2"]
[WhiteElo "2035"]
[BlackElo "2159"]
[PlyCount "98"]
[GameId "2160767906027251"]
[EventDate "2024.03.27"]
[EventType "swiss"]
[EventRounds "10"]
[EventCountry "CAN"]
[SourceTitle "CBM 219 Extra"]
[Source "ChessBase"]
[SourceDate "2024.05.31"]
[SourceVersion "1"]
[SourceVersionDate "2024.05.31"]
[SourceQuality "1"]

1. e4 c5 2. Nf3 e6 3. d4 cxd4 4. Nxd4 a6 5. Bd3 Bc5 6. Nb3 Ba7 7. Qe2 Nc6 8. O-O Nge7 9. c4 d6 10. Be3 e5 11. Bxa7 Rxa7 12. Qe3 O-O 13. Nc3 b6 14. Rad1 f5 15. exf5 Bxf5 16. Ne4 Rd7 17. Rd2 Bg6 18. Nc3 Nf5 19. Bxf5 Bxf5 20. Rfd1 Ne7 21. Nc1 Be6 22. b3 Nf5 23. Qe4 Qc7 24. N1e2 Rdf7 25. Nf4 Bc8 26. Nfd5 Qa7 27. Kh1 Nd4 28. f3 Bf5 29. Qe3 b5 30. Ne2 bxc4 31. bxc4 Nxe2 32. Qxe2 Qc5 33. Ne3 e4 34. f4 Bg6 35. Rd5 Qb4 36. g3 Rf6 37. Qd2 Rb8 38. Qxb4 Rxb4 39. Ra5 Bf7 40. Rxa6 Bxc4 41. Ra8+ Rf8 42. Rxf8+ Kxf8 43. a3 Ra4 44. Nxc4 Rxc4 45. Rxd6 Ra4 46. Re6 Kf7 47. Re5 Kf6 48. Kg2 h6 49. h4 Rxa3 1/2-1/2

[Event "CAN-ch"]
[Site "Toronto CAN"]
[Date "2024.03.30"]
[Round "6"]
[White "Liu, Henry"]
[Black "Piasetski, Leon"]
[Result "0-1"]
[WhiteElo "1996"]
[BlackElo "2159"]
[PlyCount "78"]
[GameId "2160767906027283"]
[EventDate "2024.03.27"]
[EventType "swiss"]
[EventRounds "10"]
[EventCountry "CAN"]
[SourceTitle "CBM 219 Extra"]
[Source "ChessBase"]
[SourceDate "2024.05.31"]
[SourceVersion "1"]
[SourceVersionDate "2024.05.31"]
[SourceQuality "1"]

1. d4 Nf6 2. Bf4 g6 3. Nc3 d5 4. e3 Bg7 5. h4 h5 6. Nf3 Bg4 7. Be2 Bxf3 8. Bxf3 c6 9. Qd3 Nbd7 10. O-O-O Qa5 11. Kb1 b5 12. Ne2 c5 13. e4 c4 14. Qe3 dxe4 15. Bxe4 Nxe4 16. Qxe4 O-O 17. Qxe7 Nb6 18. Bd2 Qa6 19. Rhe1 Rfd8 20. c3 Nd5 21. Qe4 Rd7 22. Nf4 Rad8 23. Nxd5 Rxd5 24. a3 Bf6 25. Bh6 Qb6 26. Qf4 Rf5 27. Qg3 a5 28. Bf4 Rc8 29. Be5 b4 30. axb4 axb4 31. Bxf6 Qxf6 32. cxb4 Rxf2 33. Qe5 Qc6 34. Qc5 Qa8 35. Qa5 Qxg2 36. Qa3 c3 37. bxc3 Ra8 38. Qb3 Raa2 39. Re8+ Kg7 0-1

[Event "CAN-ch"]
[Site "Toronto CAN"]
[Date "2024.03.31"]
[Round "7"]
[White "Piasetski, Leon"]
[Black "Jaferian, Koosha"]
[Result "1-0"]
[WhiteElo "2159"]
[BlackElo "2234"]
[PlyCount "109"]
[GameId "2160767906027314"]
[EventDate "2024.03.27"]
[EventType "swiss"]
[EventRounds "10"]
[EventCountry "CAN"]
[SourceTitle "CBM 219 Extra"]
[Source "ChessBase"]
[SourceDate "2024.05.31"]
[SourceVersion "1"]
[SourceVersionDate "2024.05.31"]
[SourceQuality "1"]

1. Nf3 Nf6 2. c4 c5 3. Nc3 Nc6 4. g3 d5 5. cxd5 Nxd5 6. Bg2 Nc7 7. O-O e5 8. b3 Be6 9. Bb2 f6 10. e3 Qd3 11. Qb1 Bf5 12. Qxd3 Bxd3 13. Rac1 O-O-O 14. Na4 b6 15. Ne1 Nb4 16. a3 Nba6 17. Nxd3 Rxd3 18. Bc3 b5 19. Nb2 Rd6 20. b4 Rd8 21. f4 exf4 22. gxf4 Nd5 23. bxc5 Nxc3 24. Rxc3 Rxd2 25. Nd3 Be7 26. Nb4 Nb8 27. c6 a5 28. c7 axb4 29. axb4 Rxg2+ 30. Kxg2 Bxb4 31. cxb8=Q+ Kxb8 32. Rb3 Bd6 33. Rxb5+ Kc7 34. Rb2 g5 35. Rc1+ Kd7 36. Rd1 Rd8 37. Rb7+ Ke6 38. Rxh7 gxf4 39. exf4 Ra8 40. f5+ Ke5 41. Rb7 Ra2+ 42. Kf3 Ra3+ 43. Kg4 Ra4+ 44. Kh5 Bc5 45. Rb5 Rc4 46. Kg6 Rg4+ 47. Kf7 Rc4 48. Rf1 Ke4 49. Kxf6 Bd4+ 50. Ke7 Rc7+ 51. Kd6 Rf7 52. Rb4 Ke3 53. Rxd4 Kxd4 54. f6 Ke3 55. Ke6 1-0

[Event "Banff op"]
[Site "Banff CAN"]
[Date "2023.11.10"]
[Round "1"]
[White "Piasetski, Leon"]
[Black "Darvekar, Yash"]
[Result "1-0"]
[WhiteElo "2176"]
[BlackElo "1817"]
[PlyCount "47"]
[GameId "2160767906128237"]
[EventDate "2023.11.10"]
[EventType "swiss"]
[EventRounds "6"]
[EventCountry "CAN"]
[SourceTitle "CBM 217 Extra"]
[Source "ChessBase"]
[SourceDate "2024.01.31"]
[SourceVersion "1"]
[SourceVersionDate "2024.01.31"]
[SourceQuality "1"]

1. c4 c6 2. Nf3 d5 3. e3 Nf6 4. b3 e6 5. Bb2 Nbd7 6. d4 Bd6 7. Bd3 O-O 8. O-O b6 9. Nc3 Bb7 10. Qe2 Re8 11. Rfd1 e5 12. dxe5 Nxe5 13. cxd5 Nxd5 14. Nxd5 cxd5 15. Nxe5 Bxe5 16. Bxh7+ Kh8 17. Bd3 Qh4 18. Bxe5 Rxe5 19. Qf3 Rd8 20. Qf4 f6 21. Qxf6 Ba8 22. Qf7 Rg5 23. Bf1 Qh6 24. Rd4 1-0

[Event "Banff op"]
[Site "Banff CAN"]
[Date "2023.11.10"]
[Round "2"]
[White "Zhu, Brandon"]
[Black "Piasetski, Leon"]
[Result "1/2-1/2"]
[WhiteElo "1998"]
[BlackElo "2176"]
[PlyCount "108"]
[GameId "2160767906128264"]
[EventDate "2023.11.10"]
[EventType "swiss"]
[EventRounds "6"]
[EventCountry "CAN"]
[SourceTitle "CBM 217 Extra"]
[Source "ChessBase"]
[SourceDate "2024.01.31"]
[SourceVersion "1"]
[SourceVersionDate "2024.01.31"]
[SourceQuality "1"]

1. d4 Nf6 2. Nc3 d5 3. Bf4 c6 4. Nf3 Bf5 5. e3 e6 6. Ne5 h5 7. Bd3 Nbd7 8. Bxf5 exf5 9. Qd3 g6 10. O-O Nxe5 11. dxe5 Nd7 12. f3 Nc5 13. Qe2 Qb6 14. Rab1 Ne6 15. Kh1 Bg7 16. Bg3 O-O 17. Qd2 Qc7 18. e4 dxe4 19. fxe4 Rad8 20. Qf2 f4 21. Bxf4 Nxf4 22. Qxf4 Bxe5 23. Qg5 Bxh2 24. Ne2 Be5 25. Nf4 Bg7 26. Nd3 Rfe8 27. Rbe1 Rd4 28. Rf4 Qe7 29. Qg3 c5 30. c3 Rd7 31. e5 h4 32. Qh3 b6 33. Rfe4 Qe6 34. Qe3 Qf5 35. Nf2 Rxe5 36. Rxe5 Bxe5 37. Qxe5 Qxf2 38. Re2 Qf5 39. Re1 Qf2 40. Re2 Rd1+ 41. Kh2 Qg3+ 42. Qxg3 hxg3+ 43. Kxg3 Rd7 44. a4 f6 45. a5 Kf7 46. axb6 axb6 47. Kf4 b5 48. g4 Rd3 49. g5 b4 50. cxb4 cxb4 51. gxf6 Kxf6 52. Re4 b3 53. Rb4 Rh3 54. Kg4 Ke5 1/2-1/2

[Event "Banff op"]
[Site "Banff CAN"]
[Date "2023.11.11"]
[Round "3"]
[White "Piasetski, Leon"]
[Black "Tolentino, Patrick Angelo"]
[Result "1-0"]
[WhiteElo "2176"]
[BlackElo "2103"]
[PlyCount "85"]
[GameId "2160767906128282"]
[EventDate "2023.11.10"]
[EventType "swiss"]
[EventRounds "6"]
[EventCountry "CAN"]
[SourceTitle "CBM 217 Extra"]
[Source "ChessBase"]
[SourceDate "2024.01.31"]
[SourceVersion "1"]
[SourceVersionDate "2024.01.31"]
[SourceQuality "1"]

1. c4 e6 2. Nf3 Nf6 3. g3 d5 4. Bg2 d4 5. O-O Be7 6. b4 O-O 7. Bb2 c5 8. e3 dxe3 9. fxe3 cxb4 10. d4 Qc7 11. Nbd2 b6 12. e4 Bb7 13. Qe2 h6 14. e5 Nh7 15. Ne4 Nd7 16. Rac1 Rad8 17. d5 exd5 18. cxd5 Bc5+ 19. Nxc5 Nxc5 20. d6 Qd7 21. Rfd1 a5 22. Bd4 Rc8 23. Qe3 Qa4 24. Bh3 Rcd8 25. Bxc5 Bxf3 26. Qxf3 Ng5 27. Qf1 Nxh3+ 28. Qxh3 bxc5 29. e6 fxe6 30. Qxe6+ Kh8 31. d7 c4 32. Rf1 Qxa2 33. Rxf8+ Rxf8 34. Rf1 Rxf1+ 35. Kxf1 Qb1+ 36. Kg2 Qc2+ 37. Kh3 Qd3 38. Qe8+ Kh7 39. d8=Q Qf5+ 40. Kg2 Qc2+ 41. Kf3 Qf5+ 42. Ke3 Qc5+ 43. Ke4 1-0

[Event "Banff op"]
[Site "Banff CAN"]
[Date "2023.11.12"]
[Round "5"]
[White "Piasetski, Leon"]
[Black "Suominen, David"]
[Result "1-0"]
[WhiteElo "2176"]
[BlackElo "1711"]
[PlyCount "85"]
[GameId "2160767906132417"]
[EventDate "2023.11.10"]
[EventType "swiss"]
[EventRounds "6"]
[EventCountry "CAN"]
[SourceTitle "CBM 217 Extra"]
[Source "ChessBase"]
[SourceDate "2024.01.31"]
[SourceVersion "1"]
[SourceVersionDate "2024.01.31"]
[SourceQuality "1"]

1. c4 e6 2. Nf3 d5 3. g3 Nf6 4. Bg2 dxc4 5. Qa4+ Bd7 6. Qxc4 Bc6 7. Qc2 Be7 8. Nc3 O-O 9. O-O Nbd7 10. d4 b6 11. Rd1 Bb7 12. e4 a6 13. Bf4 Rc8 14. a3 Re8 15. h3 Nf8 16. Ne5 Ng6 17. Be3 Bf8 18. Bg5 h6 19. Nxg6 hxg5 20. Nxf8 Rxf8 21. Rd2 c6 22. e5 Nd5 23. Ne4 Rc7 24. Nd6 Ba8 25. b4 Ne7 26. Rc1 Nc8 27. Ne4 Rd7 28. Rcd1 Qe7 29. Qb3 Rfd8 30. Qe3 f6 31. f4 gxf4 32. Qxf4 f5 33. Ng5 Qe8 34. g4 Qg6 35. gxf5 Qxf5 36. Qh4 Qg6 37. Be4 Qh6 38. Qxh6 gxh6 39. Nxe6 Re8 40. Rg2+ Kh8 41. Rg6 Rg8 42. Rxg8+ Kxg8 43. Rf1 1-0

[Event "Banff op"]
[Site "Banff CAN"]
[Date "2023.11.12"]
[Round "6"]
[White "Aljo, Johan"]
[Black "Piasetski, Leon"]
[Result "0-1"]
[WhiteElo "1686"]
[BlackElo "2176"]
[PlyCount "100"]
[GameId "2160767906132433"]
[EventDate "2023.11.10"]
[EventType "swiss"]
[EventRounds "6"]
[EventCountry "CAN"]
[SourceTitle "CBM 217 Extra"]
[Source "ChessBase"]
[SourceDate "2024.01.31"]
[SourceVersion "1"]
[SourceVersionDate "2024.01.31"]
[SourceQuality "1"]

1. d4 Nf6 2. c4 e6 3. g3 Bb4+ 4. Bd2 a5 5. Bg2 O-O 6. a3 Bxd2+ 7. Nxd2 d6 8. Ngf3 Qe7 9. O-O a4 10. Qc2 e5 11. e4 Bd7 12. Rfe1 Nc6 13. Qc3 Rfe8 14. Rad1 Bg4 15. d5 Nd4 16. h3 Nxf3+ 17. Nxf3 Bxf3 18. Bxf3 Nd7 19. Kh2 Nc5 20. Bh1 Ra6 21. f4 Rb6 22. f5 Rb3 23. Qc2 Qg5 24. Rg1 b5 25. cxb5 Rb8 26. h4 Qe3 27. Qg2 R8xb5 28. Rd2 Qxd2 29. Qxd2 Rxb2 30. Rg2 Rxd2 31. Rxd2 Rb3 32. Ra2 h5 33. Bg2 Kf8 34. Ra1 Ke7 35. Ra2 Kd8 36. Ra1 Kc8 37. f6 g6 38. Bh3+ Kd8 39. Bg2 Nd7 40. Bh3 Nxf6 41. Rf1 Ke7 42. Rc1 Ne8 43. Ra1 Re3 44. Bg2 Nf6 45. Rc1 Ng4+ 46. Kh3 Kd8 47. Rf1 f6 48. Bf3 f5 49. exf5 gxf5 50. Kg2 Rxa3 0-1

[Event "Lynn Stringer mem"]
[Site "Sidney CAN"]
[Date "2023.08.19"]
[Round "1.1"]
[White "Piasetski, Leon"]
[Black "Barbosa Landre, Geraldo"]
[Result "1-0"]
[WhiteElo "2360"]
[BlackElo "1872"]
[PlyCount "101"]
[GameId "2160767907059884"]
[EventDate "2023.08.19"]
[EventType "swiss"]
[EventRounds "5"]
[EventCountry "CAN"]

1. Nf3 e6 2. c4 d5 3. d4 Nf6 4. Nc3 Be7 5. cxd5 exd5 6. Qc2 c6 7. Bf4 g6 8. e3 Bf5 9. Bd3 Bxd3 10. Qxd3 Nbd7 11. O-O O-O 12. h3 Re8 13. Ne5 Nxe5 14. Bxe5 Bd6 15. f4 Nh5 16. g4 Ng7 17. e4 Bb4 18. Bxg7 dxe4 19. Nxe4 Kxg7 20. g5 Qe7 21. Nf6 Qe3+ 22. Qxe3 Rxe3 23. Kg2 Rd8 24. Rad1 Re2+ 25. Rf2 Rxf2+ 26. Kxf2 Be7 27. Ne4 Rd5 28. Ke3 Rb5 29. b3 Rf5 30. Rc1 h6 31. h4 hxg5 32. hxg5 f6 33. gxf6+ Bxf6 34. Nd6 Bxd4+ 35. Ke4 Rc5 36. Rd1 Bc3 37. Nxb7 Rb5 38. Nd6 Ra5 39. a4 c5 40. Nb7 Ra6 41. Nxc5 Rb6 42. Rd7+ Kf6 43. Rxa7 Rb4+ 44. Kf3 Bd4 45. Ne4+ Ke6 46. Ra6+ Ke7 47. Rxg6 Rxb3+ 48. Kg4 Rb4 49. Ra6 Be3 50. Kf5 Bb6 51. Nc3 1-0